Traitè de Droit Civil et Commercial des soviets / (Record no. 59131)

MARC details
000 -LEADER
campo de control de longitud fija 00774nam a2200193 i 4500
001 - NÚMERO DE CONTROL
campo de control 59131
003 - IDENTIFICADOR DE NÚMERO DE CONTROL
campo de control ES-MaACL
007 - CAMPO FIJO DE DESCRIPCIÓN FÍSICA--INFORMACIÓN GENERAL
campo de control de longitud fija t|
008 - DATOS DE LONGITUD FIJA--INFORMACIÓN GENERAL
campo de control de longitud fija 031027s1930 fr ||||1| fre d
100 1# - ENTRADA PRINCIPAL--NOMBRE DE PERSONA
Nombre de persona Eliachevitch, Basile.
9 (RLIN) 46953
245 10 - MENCIÓN DEL TÍTULO
Título Traitè de Droit Civil et Commercial des soviets /
Mención de responsabilidad, etc. par Basile Eliachevitch, Paul Tager et Boris Nolde ; preface de Henri Capitant.
260 ## - PUBLICACIÓN, DISTRIBUCIÓN, ETC.
Lugar de publicación, distribución, etc. París :
Nombre del editor, distribuidor, etc. [s.n.,
Fecha de publicación, distribución, etc. 1930] (
Lugar de fabricación/manufactura Rennes :
Fabricante Riou-Reuzé)
300 ## - DESCRIPCIÓN FÍSICA
Extensión 3 v. ;
Dimensiones 23 cm.
505 8# - NOTA DE CONTENIDO CON FORMATO
Nota de contenido con formato Contiene: T.I: Introduction. Les personnnes. -- T.II: Les obligations. Les societés. -- T.III: Les biens, Droit de familie, successions et testaments
700 1# - ENTRADA AGREGADA--NOMBRE PERSONAL
Nombre de persona Tager, Paul.
9 (RLIN) 109065
700 1# - ENTRADA AGREGADA--NOMBRE PERSONAL
Nombre de persona Nolde, Boris.
9 (RLIN) 85910
700 1# - ENTRADA AGREGADA--NOMBRE PERSONAL
Nombre de persona Capitant, Henri.
9 (RLIN) 34854
852 ## - LOCALIZACIÓN
Ubicación ES-MaACL
Número de control de estantería B-6147-49
Holdings
Estatus retirado Estado de pérdida Estado de daño No para préstamo Biblioteca de origen Biblioteca actual Ubicación en estantería Fecha de adquisición Fuente de adquisición Total de préstamos Signatura topográfica completa Código de barras Visto por última vez Precio de reemplazo Tipo de ítem Koha
        Biblioteca del Ateneo de Madrid Biblioteca del Ateneo de Madrid Sala Pardo Bazán 17/01/2008     B-6147-49 1062028 23/02/2023 23/02/2023 Libro impreso